[Event "Dos Hermanas"]
[Site "Dos Hermanas"]
[Date "1996.05.25"]
[Round "4"]
[White "Kamsky, Gata"]
[Black "Kramnik, Vladimir"]
[Result "1/2-1/2"]
[WhiteElo "2735"]
[BlackElo "2775"]
[Annotator "Lutz,C"]
[PlyCount "110"]
[EventDate "1996.05.21"]
[EventType "tourn"]
[EventRounds "9"]
[EventCountry "ESP"]
[EventCategory "19"]
[SourceTitle "CBM 053"]
[Source "ChessBase"]
[SourceDate "1996.08.01"]
[SourceVersion "1"]
[SourceVersionDate "1996.08.01"]
[SourceQuality "1"]

1. d4 {Azmaiparashvili Ftacnik} d5 2. c4 c6 3. Nc3 Nf6 4. Nf3 e6 5. Bg5 dxc4 6.
e4 b5 7. e5 h6 8. Bh4 g5 9. Nxg5 hxg5 10. Bxg5 Nbd7 11. exf6 Bb7 12. g3 c5 13.
d5 Qb6 14. Bg2 O-O-O 15. O-O b4 16. Rb1 Qa6 17. dxe6 Bxg2 18. e7 Bxf1 (18...
Ba8 {Ftacnik} 19. exd8=Q+ (19. Nd5 $2 Qb7 (19... Qe6 20. exf8=Q Rdxf8 21. Ne7+
Kd8 22. f3 Qe5 23. Qd2 Qd4+ 24. Qxd4 cxd4 25. Rbd1 d3 26. b3 Ne5 27. bxc4 Bxf3
28. Rxd3+ Nxd3 29. Rxf3 Ne5 30. Rf5 Ng4 31. c5 Kd7 {1-0 Gual,A-Oms,J/Manresa
op (08) 1995 (64)}) 20. exf8=Q Rhxf8 21. Ne7+ Kc7 22. Bf4+ Ne5 $1 23. Bxe5+ Kb6
{0-1 Peter,A-Thallinger,H/Budapest FS09 IM-B (07)/1995/ (55)}) 19... Kxd8 20.
Ne2 Kc8 21. Qc2 Qe6 22. f3 $1 (22. Nf4 $5 Qg4 23. Rfe1 Bh6 $1 $8 24. Bxh6 Qf3
$10 25. Kf1 Qh1+ 26. Ke2 Qf3+ 27. Kd2 $5 (27. Kf1 $10) 27... Qxf2+ 28. Re2 Qd4+
29. Kc1 $6 Bf3 $3 $15 {0-1 Yermolinsky,A-Shabalov,A/USSR/1986/ (32)}) 22... Bd6
23. Rbd1 Bc6 $1 (23... Be5 24. Qa4) 24. Nf4 $1 (24. Bf4 Be5 $1 $15) 24... Qe3+
25. Qf2 Qxf2+ 26. Rxf2 Be5 27. Nd5 Bxd5 $1 (27... Bd4 $2 {Yermolinsky,
A-Makarov,M/USSR/1986/} 28. Rxd4 $1) 28. Rxd5 Bd4 $10) 19. Kxf1 (19. Qd5 Bh6 (
19... Bxe7 {Ftacnik} 20. fxe7 Rdg8 21. Ne4 Rg6 22. Rxf1 $2 (22. Qa8+ $1 Nb8 23.
Rxf1 Qc6 (23... Qb7 24. Qxb7+ Kxb7 25. Bf6 $18) 24. Rd1 $3 Qxa8 25. Rd8+ Kc7 (
25... Kb7 26. Rxh8 Re6 27. Nxc5+ $18) 26. Bf4+ Kb6 27. Rxh8 Re6 28. e8=Q Rxe8
29. Rxe8 Qd5 30. Rxb8+ Ka6 31. Nd2 $1 $18) 22... Qc6 23. Qxc6+ Rxc6 24. Rd1 $2
(24. Bf4 $1 Re8 25. Nd6+ Rxd6 26. Bxd6 Kb7 27. Re1 Kc6 28. Bf4) 24... Re8 25.
Nd6+ Rxd6 26. Rxd6 f6 27. Bxf6 Kc7 28. Re6 Nxf6 29. Rxf6 Rxe7 30. Kf1 Re4 31.
Rf4 Rxf4 32. gxf4 Kd6 33. Ke2 a5 34. a4 c3 35. bxc3 b3 {1/2-1/2 Kasparov,
G-Kramnik,V (01)/New York PCA 25' (04)/ 1994/}) 20. Bxh6 (20. exd8=Q+ {Ftacnik}
Kxd8 21. Ne4 Bh3 22. Nxc5 Be6 23. Nxe6+ fxe6 24. Qa8+ Qc8 25. Qxa7 Bxg5 26.
Qa5+ Qc7 27. Qxg5 Qe5 $1 $10 {Yermolinsky,A-Ivanchuk,V/Pinsk/1986/0,5/40/})
20... Bd3 21. Qa8+ (21. exd8=Q+ $2 {Ftacnik} Kxd8 $1) (21. Ne4 $5 {Ftacnik}
Bxe4 22. Qxe4 (22. exd8=Q+ $6 Kxd8 23. Qxe4 Rxh6 $17) 22... Rde8 (22... Rxh6 $2
23. Qa8+ Nb8 24. exd8=Q+ Kxd8 25. Qxb8+ $18) 23. Bg7 $1 Rh5 (23... Nxf6 $5) 24.
Rd1 Qb5 $1 25. f4 $2 (25. Qa8+ Nb8 26. Qe4 Nd7 $10) 25... c3 $1 (25... Kc7 $5 {
Beliavsky}) 26. bxc3 {1/2-1/2 Beliavsky,A-Shirov,A/EUCup f Ljubljana (03)/1995/
(40)}) 21... Nb8 22. exd8=Q+ Rxd8 23. Re1 bxc3 (23... Qc6 $5 24. Qxa7 bxc3 25.
bxc3 $44) 24. Bf4 Qb6 (24... Qb7 25. Re7 $3 Qxa8 26. Rc7#) 25. bxc3 Bf5 26. h4
Be6 (26... Qb7 27. Qxb7+ Kxb7 28. Re7+ Rd7 29. Bxb8 Kxb8 30. Rxd7 Bxd7 31. Kg2
Kc7 32. Kf3 Kd6 33. Kf4 {1/2-1/2 Azmaiparashvili,Z-Shirov,A/Madrid (03)/1996/ 
(42)}) 27. Kh2 Rd7 $5 28. h5 Rb7 29. Bxb8 $2 (29. h6 Qb2 30. Kg1 Qxc3 31. Rxe6
$1 fxe6 32. Bxb8 Qf3 33. Bd6+ Kd7 34. Qxb7+ Qxb7 35. f7 $18) 29... Rxb8 30. Qe4
Kc7 $2 31. Rd1 $1 Rh8 32. g4 $14 {1-0 Yermolinsky,A-Gurevich,D/USA-ch/1994/ 
(63)}) 19... Bxe7 (19... bxc3 20. Qd5 Bxe7 21. fxe7 c2 22. exd8=Q+ Rxd8 23. Rc1
c3+ 24. Kg2 cxb2 25. Qa8+ Nb8 26. Rxc2 Qb6 (26... b1=Q 27. Rxc5+ Kd7 28. Qd5+
Qd6 29. Qxf7+ $18 (29. Qxf7+ Qe7 30. Qxe7#)) 27. Bxd8 Kxd8 28. Qd5+ Nd7 29. Rd2
Qb5 30. a4 {1-0 Uhlmann,W-Alexandria,N/Halle (03) ;MCL 03 1981 Dies war die
Stammpartie der Variante 16.Rb1.}) (19... Qc6 20. exd8=Q+ Kxd8 21. Nd5 Rxh2 22.
Kg1 Rh8 23. Bf4 Bd6 24. Bxd6 Qxd6 25. Qf3 Ne5 26. Qe4 Re8 27. Ne3 Nc6 28. Qf3
Kc7 29. Nxc4 Qd4 30. b3 Qe4 31. Qxe4 Rxe4 32. Kg2 Ne5 33. Ne3 Kd7 34. Rh1 Ke6
35. Rh8 Kxf6 36. Rc8 Nd3 37. Ra8 Rd4 38. Rxa7 $16 {1/2-1/2 Kramnik,V-Shirov,A/
Monaco blind (03) ;EXP 52 1996 (59)}) 20. fxe7 Rdg8 21. Ne4 (21. Qd5 Rxg5 $1 (
21... bxc3 $2 22. Qa8+ Kc7 (22... Nb8 23. bxc3) 23. Bf4+ Kb6 24. bxc3+ Ka5 25.
Bc7+ Ka4 (25... Nb6 26. Qc6 Rh5 27. a4 $18) 26. Qd5 Ka3 27. Qxd7 $16) 22. Qxg5
bxc3 23. bxc3 Qg6 $19) 21... Qc6 (21... Qe6 $5) (21... Qe6 22. Nd6+ Kc7 23. Bf4
Kb6 24. Qf3 $40) 22. Nd6+ Kb8 23. Bf4 Rxh2 24. Ke2 $6 {Vielleicht war 24.e8Q
noch besser:} (24. e8=Q+ $5 Rxe8 25. Nxe8+ Ka8 26. Ke2 Qe4+ 27. Be3 Qxe8 (27...
Qg4+ {Azmaiparashvili} 28. Kd2 Qe4 29. Qe2 Qd5+ 30. Kc2 Qe4+ 31. Kd2) 28. Qd5+
Kb8 29. Rd1 Nb6 (29... Kc7 30. Qd6+ $18) 30. Qxc5 {Nun haben wir die gleiche
Stellung wie in der Partie (Zug 31), aber mit dem Unterschied, daß der sK auf
b8 statt auf b7 steht. Dies wirkt sich zum Nachteil für Schwarz aus:} Qa4 31.
Rd8+ Kb7 32. Qe7+ Ka6 33. Bxb6 $18) 24... Ka8 25. Qc2 (25. e8=Q+ {- 24.e8Q}) (
25. e8=Q+ $1 Rxe8+ 26. Nxe8) 25... Nb6 26. Qf5 Nc8 27. e8=Q (27. Qxf7 Rhh8 $1
28. Rd1 (28. Nxc8 Qe4+ 29. Be3 Rxc8) 28... Nxd6 29. Bxd6 Qe4+ 30. Kd2 Rc8 $15)
27... Rxe8+ 28. Nxe8 Qxe8+ 29. Be3 Nb6 30. Rd1 (30. Qf3+ $6 Kb8 $15) (30. Qxc5
{Azmaiparashvili} Qa4 (30... Qd7 31. Rd1 Qg4+ 32. Kd2) 31. Qf8+ Kb7 32. Qxf7+
Ka6 33. Rd1 Qxa2 34. Kf3 Qxb2 35. Bxb6 Qb3+ 36. Ke2 Qc2+ 37. Rd2 Qe4+ 38. Be3
Qg4+ 39. Qf3 Qxf3+ 40. Kxf3 Kb5 (40... c3 41. Rd7 b3 42. Bd4 c2 43. Rxa7+ Kb5
44. Ra1) 41. Rd5+ Ka4 42. Rc5 c3) 30... Kb7 (30... Qc6 31. Rd8+ Kb7 32. Bxc5
$16) 31. Qxc5 {Auch hier macht die schwarze Stellung keinen soliden Eindruck.
Kramnik kann kann knapp die Partie halten.} Qa4 $1 32. Rd2 (32. Qe7+ Ka6 33.
Bxb6 axb6 34. Qe4 Rxf2+ (34... Qxa2 $2 35. Qa8+ Kb5 36. Rd5#) 35. Kxf2 Qxd1 36.
Qxc4+ Ka5 37. Qxf7 $16) 32... c3 $1 33. bxc3 bxc3 34. Rd4 (34. Qxc3 Qg4+ (34...
Qg4+ 35. Kd3 Qf5+ $10)) 34... Qxa2+ 35. Kf3 c2 (35... Qb1 $2 {Azmaiparashvili}
36. Qe7+ Ka6 37. Ra4+ $1 Kb5 38. Ra5+ $1) (35... Qe6 {Azmaiparashvili} 36. Qxc3
Qc6+ 37. Qxc6+ Kxc6 38. Rf4 Rh7 39. Rf6+ Kd7) 36. Rd2 Rh8 37. Rxc2 (37. Qxc2
Qxc2 38. Rxc2 Re8) 37... Qd5+ 38. Qxd5+ Nxd5 39. Rb2+ Nb6 (39... Ka8 40. Bd4
$14) 40. Ke4 $14 Rc8 41. g4 Rc6 42. g5 (42. f4 {Azmaiparashvili} Re6+ 43. Kf3)
42... Re6+ 43. Kf5 (43. Kd3 $5 a5 44. f4 $14) 43... a5 44. Rb5 (44. Bxb6 Rxb6
45. Re2 (45. Rxb6+ Kxb6 46. Kf6 a4 47. Kxf7 a3 48. g6 a2 49. g7 a1=Q 50. g8=Q
Qa2+ $10) 45... Ka6) 44... a4 45. Ra5 Nc4 46. Rxa4 Nxe3+ 47. fxe3 Rxe3 48. Ra5
(48. Kf6 Rf3+ $10) (48. Rf4 {Azmaiparashvili} Re6 49. Rh4 Re1 50. Kf6 Rf1+ 51.
Ke7 Rf5) 48... Kc6 (48... Rf3+ {Azmaiparashvili} 49. Ke4 Rg3 50. Rf5 Kc6 51.
Ke5 Kd7 52. Kf6 Ke8 53. Kg7 Kd7) 49. Kf6 (49. Re5 Rxe5+ 50. Kxe5 Kd7 51. Kf6
Ke8 $10) 49... Rf3+ 50. Ke7 Rf1 51. Ra6+ Kd5 52. Rf6 Rg1 53. Rf5+ Ke4 54. Kf6
Rg4 55. Re5+ Kd4 (55... Kd4 56. Ra5 Rf4+ 57. Rf5 Ke4 (57... Rxf5+ {
Azmaiparashvili} 58. Kxf5 Ke3) 58. Rxf4+ Kxf4 $10) 1/2-1/2

[Event "RUS-ch 53rd"]
[Site "Samara"]
[Date "2000.06.19"]
[Round "3"]
[White "Zakharevich, Igor"]
[Black "Popov, Valerij"]
[Result "0-1"]
[WhiteElo "2486"]
[BlackElo "2534"]
[Annotator "Lutz,C"]
[PlyCount "46"]
[EventDate "2000.06.03"]
[EventType "swiss"]
[EventRounds "11"]
[EventCountry "RUS"]
[SourceTitle "CBM 078"]
[Source "ChessBase"]
[SourceDate "2000.10.18"]
[SourceVersion "1"]
[SourceVersionDate "2000.10.18"]
[SourceQuality "1"]

1. d4 {Baburin} d5 2. Nf3 c6 3. c4 Nf6 4. Nc3 e6 5. Bg5 dxc4 6. e4 b5 7. e5 h6
8. Bh4 g5 9. Nxg5 hxg5 10. Bxg5 Nbd7 11. exf6 Bb7 12. g3 c5 13. d5 Nxf6 14. Bg2
Bh6 {Ivanchuks Idee aus seiner Partie gegen Kasparov in Linares 1994.} 15. Bxf6
Qxf6 16. Nxb5 (16. O-O O-O-O 17. Nxb5 exd5 (17... a6 $5 18. Nc3 exd5 $13 {
Ftacnik}) (17... Bxd5 $2 18. Qa4 $18 {Ernst}) (17... Rxd5 $1 18. Nxa7+ Kb8 19.
Qa4 $40 {Ernst}) 18. Nxa7+ Kb8 19. Nb5 Bg7 (19... Bg5 20. Qe1 $1 $36 {1/2-1/2
Ionov,S-Popov,V/St Petersburg 1997/CBM 58/[Lutz] (35)}) 20. a4 Qh6 21. h4 Bf6
22. Qe1 $36 {1-0 Kasparov,G-Ivanchuk,V/Linares 1994/CBM 40/[Ftacnik] (39)})
16... O-O-O 17. Nxa7+ $2 {Dieser Zug wird nicht viele Anhänger finden.
Vielleicht hat Weiß einfach die Züge verwechselt. Baburin: 'Is the a7-pawn
worth two tempi in such a sharp position?!'} (17. O-O {führt zu den obigen
Varianten und ist der kritische Zug.}) 17... Kb8 18. Nb5 (18. Qa4 exd5 19. Nb5
(19. O-O Qb6 20. Nb5 Bc6 $19) 19... Rhe8+ 20. Kf1 Qb6 $17) 18... Rxd5 $1 {
Nach diesem offensichtlichem Qualitätsopfer steht Weiß hart am Abgrund. Die
einzige Frage ist, ob er bereits auf Verlust steht.} 19. Bxd5 {Da Weiß noch
nicht rochiert hat, muss er nun das schwarze Opfer annehmen.} (19. Qa4 Bd2+ 20.
Kf1 Qxb2 21. Rd1 Be3 $1 22. Qa7+ Kc8 23. Nd6+ Kd7 $1 24. Qxb7+ Qxb7 25. Nxb7 (
25. Bxd5 Qb2 $19) 25... Rxd1+ 26. Ke2 Rxh1 27. Bxh1 Rxh2 $19) 19... exd5 {
Baburin: 'Now White has serious problems on the a8-h1 diagonal.'} 20. O-O d4 {
Die weiße Königsstellung macht keinen guten Eindruck.} 21. Qh5 $2 (21. f3 Be3+
22. Kg2 d3 23. Nc3 Qf5 24. h4 Rxh4 25. gxh4 Qg4+ 26. Kh2 Bf4+ 27. Kh1 Qh3+ 28.
Kg1 Qh2#) (21. Qa4 {sieht wie die einzige Chance aus, noch Verwicklungen zu
schaffen:} Qc6 (21... Qf3 $2 22. Qa7+ Kc8 23. Nd6+ $18) 22. f3 Be3+ 23. Kg2 Ba6
24. Nc3 Qe6 25. h4 Bb7 (25... dxc3 26. bxc3 Bb7 27. Rab1 $13) 26. Nb5 Qe5 {
und die Drohung ...Tg8 gereicht zum schwarzen Vorteil, z.B.} 27. b4 cxb3 28.
axb3 Rg8 29. Qa7+ Kc8 30. Qa8+ Bxa8 31. Rxa8+ Kd7 32. Rxg8 d3 $17) 21... Bg5
22. Qe2 Bf3 23. Qe1 Bd2 {'!' Baburin.} (23... Bd2 24. Qxd2 Rxh2 25. Kxh2 Qh8+
26. Kg1 Qh1#) (23... Rxh2 $4 {Baburin} 24. Qe8+ Kb7 25. Qd7+ Kb6 26. Kxh2 Qh6+
27. Qh3 $18) 0-1

[Event "EU-Cup 19th"]
[Site "Rethymno"]
[Date "2003.10.04"]
[Round "7.1"]
[White "Van Wely, Loek"]
[Black "Mueller, Karsten"]
[Result "1/2-1/2"]
[WhiteElo "2661"]
[BlackElo "2521"]
[Annotator "Lutz,C"]
[PlyCount "91"]
[EventDate "2003.09.28"]
[EventType "team-swiss"]
[EventRounds "7"]
[EventCountry "GRE"]
[SourceTitle "CBM 098"]
[Source "ChessBase"]
[SourceDate "2004.02.03"]
[SourceVersion "1"]
[SourceVersionDate "2004.02.03"]
[SourceQuality "1"]
[WhiteTeam "Clichy Echecs 92"]
[BlackTeam "Gleisdorf"]
[WhiteTeamCountry "FRA"]
[BlackTeamCountry "AUT"]

1. d4 d5 2. c4 c6 3. Nf3 Nf6 4. Nc3 e6 5. Bg5 h6 6. Bh4 dxc4 7. e4 b5 8. e5 g5
9. Nxg5 hxg5 10. Bxg5 Nbd7 11. exf6 Bb7 12. g3 c5 13. d5 Nxf6 $5 {Diese
Variante wurde vor rund 10 Jahren auf allerhöchstem Niveau diskutiert und
geriet dann in Vergessenheit. Vielleichti zu Unrecht ?} 14. Bg2 Be7 15. O-O
Nxd5 16. Bxe7 Kxe7 17. Nxb5 Qb6 {Beiden Kontrahenten ist diese Stellung gut
bekannt und hatten sie bereits jeweils zweimal in ihrer Praxis gehabt. Van
Wely konnte in seinen dabei Dreev und Kramnik besiegen.} 18. Na3 {Schwarz hat
die schlechtere Bauernstellung und den offeneren König, aber er hat
andererseits seine Figuren zentralisiert und kann entlang der g- und h-Linie
zum Gegenspiel kommen.} (18. Nc3 {Ambroz} Nxc3 19. bxc3 Bxg2 20. Kxg2 Qc6+ 21.
f3 Rad8 22. Qe1 Rd3 23. Rf2 Qd5 24. Rb1 $10 {Quist-Karolyi, Dieren 1988}) 18...
Rh4 $5 {Ein wichtiger Zug. Der schwarze Turm kontrolliert die wichtige 4.Reihe
und kann nicht gut genommen werden.} (18... c3 19. Nc4 Qc7 20. bxc3 Nxc3 21.
Qd2 Bxg2 22. Kxg2 Ne4 23. Qe3 $14 {1-0 Van Wely,L-Dreev,A/Bern 1993/TD (44)})
19. Rc1 $146 {Dieser natürliche Zug scheint eine Neuerung zu sein. Bislang gab
man 19.Qd2 den Vorzug, allerdings konnte Karsten Müller die Spielbarkeit der
schwarzen Stellung nachweisen:} (19. Qd2 Nf4 (19... Rd4 20. Qg5+ $1 Nf6 21.
Bxb7 Rg8 22. Qe5 Nd7 23. Qe2 Qxb7 24. Nxc4 Rh4 25. f3 Qc7 26. Ne3 Kf8 27. Ng4
$1 Rh5 28. Rad1 $16 {1-0 Van Wely,L-Kramnik,V/Biel 1993/CBM 37/[Ambroz] (44)})
(19... Rg8 $5 {Ambroz} 20. gxh4 Nf4 21. Rfd1 Qc7 $40) 20. Nxc4 Qa6 (20... Qc7
$2 21. f3 $3 $18 Nxg2 (21... Rd8 {ChessBase} 22. Qa5 $1) 22. Qg5+ Kf8 23. gxh4
Nf4 24. Kh1 Rd8 25. Ne5 Rd5 26. Rae1 Nd3 27. Qh6+ {1-0 Oll,L-Topalov,V/Biel
1993/CBM 37/[ChessBase] (27)}) 21. Ne3 (21. Bxb7 Nh3+ 22. Kg2 Qxb7+ 23. f3 Rd8
24. Qc3 {1/2-1/2 Ehlvest,J-Onischuk,A/Philadelphia 1994/EXT 97 (24)}) 21... Rd8
22. Qc2 Ne2+ 23. Kh1 Rh5 24. Rae1 Nd4 25. Qc3 Rdh8 26. h4 Nf3 (26... Ne2 27.
Rxe2 Bxg2+ 28. Kxg2 Qxe2 29. Nd5+ exd5 30. Re1 Qxe1 31. Qxe1+ Kf6 32. Qc3+ d4
33. Qf3+ Kg7 34. Qg4+ Kf8 35. Qc8+ Kg7 36. Qg4+ Kf8 37. Qc8+ Kg7 38. Qg4+ {
1/2-1/2 Murdzia,P-Mueller,K/Hamburg 2002/CBM 88 ext (38)}) 27. Bxf3 Bxf3+ 28.
Kg1 Rg8 29. Nc4 Ba8 30. Ne5 Qd6 31. Kh2 Qd5 32. f3 f6 33. Nd3 Qg5 34. Qxc5+
Qxc5 35. Nxc5 Rxc5 36. Re2 Bd5 37. b3 Rc3 38. Ref2 f5 39. Kh3 Kf6 40. Kh2 Rh8
41. Kh3 Rh7 42. f4 Kg6 43. Rd2 Rhc7 44. Rfd1 Rc2 45. g4 R7c3+ 46. Rd3 Be4 47.
h5+ Kh6 {0-1 Naumann,A-Mueller,K/Germany 1999/GER-chT (47)}) (19. gxh4 {Ambroz}
Rg8 $1 (19... Nf4 20. Bxb7 Rg8+ (20... Qxb7 21. f3 $18 (21. Qg4 $2 Ne2+ $1 $19)
21... Qxb2 22. Qd6+ $1) 21. Kh1 Qxb7+ 22. f3 Qxb2 23. Qd6+ (23. Qd6+ Ke8 24.
Qc6+)) 20. Nxc4 Nf4 21. f3 (21. Nxb6 $2 Nh3+ 22. Kh1 Bxg2#) 21... Rxg2+ 22. Kh1
Qc7 $44) 19... Qa6 20. f4 (20. gxh4 Rg8 {ist auch hier wieder nicht gut
spielbar für Weiß:} 21. f3 (21. Kh1 $2 Nc3) 21... Ne3 22. Qd2 Rxg2+ 23. Qxg2
Nxg2 24. Kxg2 e5 $36) 20... Ne3 {Nach diesem Zug ergibt sich eine mehr oder
weniger erzwungen Folge, die in ein Unentschieden mündet.} 21. Bxb7 Qxb7 22.
Qf3 (22. Qe2 $2 Nxf1 23. gxh4 $2 Rg8+) 22... Qxb2 23. gxh4 Rg8+ 24. Kh1 Rg2 25.
Qh3 Rf2 26. Rb1 Rxf1+ 27. Qxf1 (27. Rxf1 Nxf1 28. Qxf1 Qxa3 29. Qxc4 Qf3+ 30.
Kg1 Qd5 $17) 27... Qxa3 (27... Qxa2 $5 {führt ebenfalls zum Unentschieden nach}
28. Rb7+ Kf8 29. Rb8+ Ke7 30. Qg1 Qxa3 31. Qg5+ Kd7 32. Qd8+ Kc6 33. Rc8+ Kb5
34. Rb8+ Kc6 {, aber der Texzug ist natürlich sicherer.}) 28. Qf2 Ng4 29. Qg2
Qd3 30. Re1 Ne3 31. Qf2 Qd5+ 32. Kg1 Ng4 33. Qg3 Qd4+ 34. Kg2 (34. Kf1 $5 {
ist vielleicht etwas genauer, denn nun kann Schwarz noch etwas auf Gewinn
spielen.}) 34... Qd2+ 35. Kg1 c3 36. h3 c2 37. hxg4 c1=Q 38. Rxc1 Qxc1+ 39. Kg2
c4 40. Qf2 c3 41. Qxa7+ Kf6 42. Qd4+ Kg6 43. h5+ Kh7 44. Qf6 Qd2+ 45. Kg3 Qd3+
46. Kg2 1/2-1/2

[Event "Morelia/Linares 23rd"]
[Site "Morelia/Linares"]
[Date "2006.03.10"]
[Round "13"]
[White "Ivanchuk, Vassily"]
[Black "Vallejo Pons, Francisco"]
[Result "1-0"]
[WhiteElo "2729"]
[BlackElo "2650"]
[Annotator "Lutz,C"]
[PlyCount "47"]
[EventDate "2006.02.18"]
[EventType "tourn"]
[EventRounds "14"]
[EventCountry "ESP"]
[EventCategory "20"]
[SourceTitle "CBM 112"]
[Source "ChessBase"]
[SourceDate "2006.06.07"]
[SourceVersion "1"]
[SourceVersionDate "2006.06.07"]
[SourceQuality "1"]

1. d4 Nf6 2. Nf3 d5 3. c4 e6 4. Nc3 Bb4 5. Bg5 dxc4 6. e4 b5 $6 {Meines
Erachtens macht sich Schwarz mit diesem Übergang in die Botvinnik-Variante
keine Freude und sollte besser den Normalzug 6...c5 wählen.} 7. a4 c6 {In der
Zugfolge 1.d4 d5 2.c4 c6 3.Nf3 Nf6 4.Nc3 e6 5.Bg5 dxc4 6.e4 b5 7.a4 muss
Schwarz nicht 7...Bb4 spielen, sondern hat die gute Möglichkeit 7...Bb7. Die
Partiestellung hat einen schlechten Ruf für Schwarz und Vallejo kann dies
nicht ändern.} 8. e5 h6 9. exf6 hxg5 10. fxg7 Rg8 11. g3 {Mit diesem Zug hat
Weiss lt. meiner Datenbank einen Score von 79%. Mit der Hauptalternative 11.h4
konnte Weiß "nur" 73% erzielen. So oder so erscheint die schwarze Stellung
wenig attraktiv.} (11. h4 {0-1 Cheparinov,I-Vallejo Pons,F/Cuernavaca 2006/CBM
112/[Lutz](60)}) 11... Bb7 12. Bg2 c5 13. O-O g4 14. Nh4 (14. Ne5 Bxg2 15. Kxg2
cxd4 16. Qxg4 dxc3 17. Rad1 Qc7 18. Qe4 Rxg7 19. axb5 f5 20. Qxa8 Qxe5 21. Rfe1
Qxb5 22. bxc3 Bxc3 23. Rxe6+ Re7 24. Rxe7+ Kxe7 25. Qxa7+ Nd7 26. Rxd7+ Qxd7
27. Qe3+ Kf7 28. Qxc3 Qb7+ 29. Qf3 Qc8 30. Qd5+ Kg6 31. Qd6+ Kf7 32. Qd5+ Kg6
33. Qd6+ Kf7 {1/2-1/2 Duhayon,Y-Yakovich,Y/Port Erin 2005/CBM 108 ext (33)})
14... Bxg2 15. Nxg2 Rxg7 (15... cxd4 16. Nxb5 Nc6 (16... Rxg7 17. Nxd4 $36) 17.
Qxg4 a6 (17... Rc8 18. Rad1 Bc5 19. Nf4 a6 20. Nxe6 fxe6 21. Qh5+ Kd7 22. Qxc5
axb5 23. axb5 Ne7 24. Qxd4+ Nd5 25. f4 Ke7 26. f5 Qb6 27. Qxb6 Nxb6 28. Rfe1 {
1-0 Shtyrenkov,V-Rodin,M/Briansk 1995/EXT 98 (28)}) 18. Qe4 Rc8 (18... Qd7 19.
Nxd4 {Ftacnik}) (18... Ne7 19. Qxa8 Qxa8 20. Nc7+ $16 {Ftacnik}) 19. Qh7 $5 (
19. Rfd1 $5 Bc5 20. Qh7 Kd7 (20... Ne7 {Ftacnik} 21. Na3 $36) 21. Na3 Bxa3 (
21... Qf6 {Ftacnik} 22. Nxc4 Rxg7 23. Qe4 $40) 22. Rxa3 Qg5 23. Ne3 Rxg7 (23...
Qxg7 {Ftacnik} 24. Qxg7 Rxg7 25. Nxc4 $16) 24. Qe4 $40 {1-0 Jussupow,A-Van
Wely,L/Groningen 1994/CBM 045/[Ftacnik] (39)}) 19... Ne7 20. Nf4 $5 axb5 21.
Nh5 f5 22. Qh6 Qd6 23. axb5 Qe5 24. Ra6 Bd6 $2 (24... Kf7 $13) 25. Nf6+ Kf7 26.
Nd7 Qd5 27. Qf6+ Ke8 28. Rxd6 Qxd6 29. Ne5 d3 30. b6 {1-0 Sakaev,K-Yakovich,Y/
Kazan 2005/CBM 109 (30)}) 16. axb5 (16. dxc5 $14 {Ftacnik}) 16... cxd4 17. Ne4
f5 $2 {Das ist mehr als die schwarze Stellung verträgt.} ({Nach} 17... Be7 {
hätte Schwarz gelassen in die Zukunft blicken können.} 18. Nd2 (18. Qa4 Nd7 19.
Qxc4 Ne5) 18... c3 $5 $13 (18... Nd7 19. Nxc4 $13) (18... Qd5 19. Qa4 Nd7 (
19... Kf8 20. Nxc4) 20. b6 $1 (20. Nxc4 $2 Nc5) 20... Kf8 21. Nxc4 Nc5 22. Qxa7
$1 $40)) 18. Nf4 $1 {Ivanchuk stürtzt sich sofort auf den schwachen Pe6.} Kf7 (
18... Qb6 19. Qc2) 19. Rc1 $1 fxe4 (19... e5 20. Qc2) 20. Rxc4 Bc5 $5 (20...
Be7 21. Rxd4 Qc8 22. Rxe4 $18) 21. Rxc5 Nd7 22. Rh5 (22. Rc6 $5 $16) 22... Nf6
$2 (22... Qb6 $5 {ist noch nicht so klar.}) 23. Re5 $18 Qd6 24. Rxe6 1-0

[Event "American Continental 2nd"]
[Site "Buenos Aires"]
[Date "2003.08.27"]
[Round "9"]
[White "Labollita, Martin"]
[Black "Kanefsck, Gustavo"]
[Result "0-1"]
[WhiteElo "2454"]
[BlackElo "2389"]
[Annotator "Lutz,C"]
[PlyCount "68"]
[EventDate "2003.08.17"]
[EventType "swiss"]
[EventRounds "11"]
[EventCountry "ARG"]
[SourceTitle "CBM 097"]
[Source "ChessBase"]
[SourceDate "2003.11.11"]
[SourceVersion "1"]
[SourceVersionDate "2003.11.11"]
[SourceQuality "1"]

1. Nf3 d5 2. c4 c6 3. d4 Nf6 4. Nc3 e6 5. Bg5 dxc4 6. e4 b5 7. e5 h6 8. Bh4 g5
9. Nxg5 hxg5 10. Bxg5 Be7 11. Bxf6 Bxf6 12. exf6 Qxf6 13. g3 Na6 14. Bg2 Bb7
15. Nxb5 $6 {Dieser Zug erscheint mir etwas schwächer als 15.Ne4, denn Schwarz
kommt zu schnellem Gegenspiel.} (15. Ne4 {1-0 Novikov,I-Lugo,B/Buenos Aires
2003/CBM 97/[Lutz] (39)}) 15... O-O-O $1 16. Na3 (16. Nxa7+ Kb8 17. Nxc6+ Bxc6
18. Bxc6 Nb4 19. Bf3 Nc2+ 20. Kf1 Rxd4 21. Qe2 Nxa1 22. Kg2 Qf5 23. Rxa1 Qh3+
24. Kg1 Qxh2+ 25. Kf1 Qh3+ 26. Bg2 Qf5 27. Kg1 Rhd8 28. Rf1 e5 29. b3 f6 30.
bxc4 {Komljenovic,D-Ballester Sanz,J/Valencia 1992/EXT 98/1/2-1/2 (57)}) (16.
Qa4 cxb5 (16... Kb8 17. Nc3 Rxd4 18. O-O Nc5 19. Qa5 Nd3 20. Ne4 Qh6 21. h4 Rg8
22. Nc5 Rgd8 23. Nxb7 R8d5 24. Bxd5 exd5 25. Nc5 {1-0 Agnello,A-Alberto,M/
Gauteng 1998/CBM 64 ext (25)}) 17. Bxb7+ Kxb7 18. Qxb5+ Ka8 19. Qc6+ Kb8 20.
Qb5+ Ka8 21. Qc6+ Kb8 22. Qb5+ {1/2-1/2 Novikov,I-Huzman,A/Kujbyshev 1986/MCL 
(22)}) 16... Rxd4 17. Qf3 (17. Qe2 Nb4 18. O-O Ba6 19. Qf3 Qxf3 20. Bxf3 Rd2
21. Rfc1 Nd3 22. Rc2 Rxc2 23. Nxc2 Nxb2 24. Nb4 Bb7 25. Bxc6 Bxc6 26. Nxc6 Kc7
27. Nd4 Kd6 $13 {1-0 Uhlmann,W-Gauglitz,G/Dresden 1985/MCL (48)}) 17... Qe5+
18. Qe3 (18. Kf1 Rhd8 $132) 18... Qa5+ 19. Qc3 Qe5+ (19... Nb4 $5 20. O-O Qh5
21. h4 c5 $13) 20. Qe3 Qa5+ 21. Qc3 Qe5+ 22. Kf1 $2 {Weiß will gegen seinen
schwächer eingestuften Gegner auf Gewinn spielen. Aber die Stellung gibt das
nicht her.} (22. Qe3 $11) 22... Rhd8 23. Re1 (23. Nc2 $5 Rd1+ 24. Rxd1 Rxd1+
25. Ne1) 23... Qc5 24. h4 Nb4 25. Kg1 Nd3 26. Rf1 Rg4 $17 {Es ist
offensichtlich, dass der weiße Gewinnversuch in die Hose gegangen ist.} 27. Rh3
Rdg8 28. b4 (28. Kh2 Nxf2 29. b4 Qb6 $19) 28... Nxb4 29. h5 {Weiß wirft seinen
freien h-Bauern in die Waagschale, aber auch der kann nichts mehr ändern.} Nd3
30. h6 Nf4 $1 31. Kh2 Nxh3 32. h7 Nxf2 33. h8=Q Rxg3 {Trotz zweier Damen ist
Weiß hilflos.} 34. Bf3 Qd6 {Das baldige Matt läßt sich nicht mehr verhindern.}
0-1